| 000 | 00710nam a2200229 a 4500 | ||
|---|---|---|---|
| 001 | 000013727 | ||
| 005 | 20200929163327.0 | ||
| 008 | 091128s1994 sp 000 j spa d | ||
| 020 | _a8420646342 | ||
| 040 |
_aDO-SdBNP _bspa _cBNPHU |
||
| 082 |
_aA863.4 _bB616m |
||
| 100 | 1 |
_aBioy Casares, Adolfo, _d1914-1999 _923364 |
|
| 245 | 1 | 0 |
_aMáscaras venecianas ; la sierva ajena / _cAdolfo Bioy Casares. |
| 260 |
_aMadrid : _bAlianza Editorial _bGrupo Anaya, _c1994. |
||
| 300 |
_a94 p. ; _c15 cm. |
||
| 490 | 1 |
_aAlianza cien _v34 |
|
| 500 | _aLibro de bolsillo | ||
| 650 | 4 |
_aCuentos argentinos _93752 |
|
| 650 | 4 |
_aLiteratura argentina _93860 |
|
| 740 | 3 | 2 | _aLa sierva ajena |
| 830 | 0 |
_aAlianza cien ; _n34 _931167 |
|
| 999 |
_c13340 _d13340 |
||